U.S Presidents By Party and State - Statistics

General Stats
  • This quiz has been taken 38 times
  • The average score is 51 of 78
Answer Stats
President Party and State % Correct
New York
100%
Donald Trump Republican
100%
Barack Obama Democrat
97%
George W. Bush Republican
93%
Texas
93%
Arkansas
90%
California
90%
Bill Clinton Democrat
90%
Jimmy Carter Democrat
90%
Lyndon B. Johnson Democrat
90%
John F. Kennedy Democrat
90%
Harry S. Truman Democrat
90%
Franklin D. Roosevelt Democrat
90%
Illinois
90%
George H. W. Bush Republican
90%
Ronald Reagan Republican
90%
Gerald Ford Republican
90%
Richard Nixon Republican
90%
Dwight D. Eisenhower Republican
90%
Herbert Hoover Republican
90%
Woodrow Wilson Democrat
86%
Georgia
86%
Calvin Coolidge Republican
86%
Warren G. Harding Republican
86%
Texas
86%
New York
83%
William H. Taft Republican
83%
Theodore Roosevelt Republican
83%
California
76%
Grover Cleveland Democrat
76%
Massachusetts
76%
New York
76%
William McKinley Republican
76%
Texas
76%
Grover Cleveland Democrat
72%
Andrew Johnson Democrat
72%
Benjamin Harrison Republican
72%
Ulysses S. Grant Republican
72%
Abraham Lincoln Republican
72%
Franklin Pierce Democrat
69%
Chester Arthur Republican
69%
James A. Garfield Republican
69%
Rutherford B. Hayes Republican
69%
James Buchanan Democrat
66%
Michigan
66%
Andrew Jackson Democrat
62%
Missouri
62%
James K. Polk Democrat
59%
Martin Van Buren Democrat
59%
Millard Fillmore Whig
59%
New Jersey
55%
Zachary Taylor Whig
55%
Illinois
52%
Kansas
52%
Ohio
52%
John Tyler Whig
52%
William H. Harrison Whig
52%
Tennessee
48%
Massachusetts
45%
Ohio
45%
Ohio
45%
Tennessee
45%
New York
41%
Ohio
41%
New York
38%
New York
38%
New York
38%
Ohio
38%
California
34%
Illinois
34%
New York
34%
Pennsylvania
31%
Virginia
31%
New Hampshire
28%
Ohio
28%
Tennessee
28%
Indiana
24%
Louisiana
10%
No matching quizzes found
Score Distribution
Percent of People with Each Score
Percentile by Number Answered
Your Score History
You have not taken this quiz